Statistics for NBA Starting Centers 2000s

Click here to take the quiz!

General Stats

  • This quiz has been taken 187 times
    (155 since last reset)
  • The average score is 191 of 294

Answer Stats

TEAMSEASONFIRST NAMELAST NAME% Correct
Atlanta2000-01DikembeMutombo
99%
Philadelphia2001-02DikembeMutombo
99%
New York2003-04DikembeMutombo
99%
Cleveland2009-10ShaquilleO'Neal
98%
Phoenix2008-09ShaquilleO'Neal
98%
Miami2008-09JermaineO'Neal
98%
Miami2007-08ShaquilleO'Neal
98%
Miami2006-07ShaquilleO'Neal
98%
Miami2005-06ShaquilleO'Neal
98%
Miami2004-05ShaquilleO'Neal
98%
LA Lakers2003-04ShaquilleO'Neal
98%
LA Lakers2002-03ShaquilleO'Neal
98%
LA Lakers2001-02ShaquilleO'Neal
98%
LA Lakers2000-01ShaquilleO'Neal
98%
Miami2009-10JermaineO'Neal
98%
Houston2008-09YaoMing
97%
Houston2007-08YaoMing
97%
Houston2006-07YaoMing
97%
Houston2005-06YaoMing
97%
Houston2004-05YaoMing
97%
Houston2003-04YaoMing
97%
Houston2002-03YaoMing
97%
Toronto2001-02HakeemOlajuwon
96%
Houston2000-01HakeemOlajuwon
96%
Orlando2007-08DwightHoward
94%
Orlando2004-05DwightHoward
94%
Orlando2005-06DwightHoward
94%
Orlando2006-07DwightHoward
94%
Orlando2008-09DwightHoward
94%
Orlando2009-10DwightHoward
94%
Chicago2008-09JoakimNoah
93%
Chicago2009-10JoakimNoah
93%
Indiana2000-01SamPerkins
93%
Boston2009-10KendrickPerkins
93%
Boston2008-09KendrickPerkins
93%
Boston2007-08KendrickPerkins
93%
Boston2005-06KendrickPerkins
93%
Detroit2009-10BenWallace
93%
Detroit2005-06BenWallace
93%
Detroit2004-05BenWallace
93%
Detroit2003-04BenWallace
93%
Detroit2002-03BenWallace
93%
Detroit2000-01BenWallace
93%
Detroit2001-02BenWallace
93%
Chicago2006-07BenWallace
93%
Chicago2007-08BenWallace
93%
New Orleans2006-07TysonChandler
92%
Chicago2002-03TysonChandler
92%
Chicago2005-06TysonChandler
92%
New Orleans2008-09TysonChandler
92%
New Orleans2007-08TysonChandler
92%
Memphis (Vancouver)2009-10MarcGasol
92%
Memphis (Vancouver)2008-09MarcGasol
92%
LA Lakers2007-08PauGasol
92%
Miami2000-01AlonzoMourning
90%
Miami2001-02AlonzoMourning
90%
Atlanta2009-10AlHorford
89%
Atlanta2008-09AlHorford
89%
Atlanta2007-08AlHorford
89%
Phoenix2006-07AmareStoudemire
88%
Phoenix2007-08AmareStoudemire
88%
Phoenix2009-10AmareStoudemire
88%
Phoenix2002-03AmareStoudemire
88%
Phoenix2003-04AmareStoudemire
88%
Phoenix2004-05AmareStoudemire
88%
Milwaukee2008-09AndrewBogut
87%
Milwaukee2007-08AndrewBogut
87%
Milwaukee2005-06AndrewBogut
87%
Milwaukee2009-10AndrewBogut
87%
Milwaukee2006-07AndrewBogut
87%
Sacramento2000-01VladeDivac
87%
Sacramento2001-02VladeDivac
87%
Sacramento2002-03VladeDivac
87%
Sacramento2003-04VladeDivac
87%
New Jersey2008-09BrookLopez
87%
New Jersey2009-10BrookLopez
87%
Orlando2001-02HoraceGrant
86%
Miami2003-04BrianGrant
86%
New Orleans2009-10EmekaOkafor
86%
Charlotte2008-09EmekaOkafor
86%
Charlotte2007-08EmekaOkafor
86%
Charlotte2006-07EmekaOkafor
86%
Charlotte2004-05EmekaOkafor
86%
Atlanta2005-06ZazaPachulia
85%
Atlanta2006-07ZazaPachulia
85%
Cleveland2002-03ZydrunasIlgauskas
84%
Cleveland2003-04ZydrunasIlgauskas
84%
Cleveland2004-05ZydrunasIlgauskas
84%
Cleveland2005-06ZydrunasIlgauskas
84%
Cleveland2007-08ZydrunasIlgauskas
84%
Cleveland2008-09ZydrunasIlgauskas
84%
Cleveland2006-07ZydrunasIlgauskas
84%
San Antonio2000-01DavidRobinson
84%
San Antonio2001-02DavidRobinson
84%
San Antonio2002-03DavidRobinson
84%
Minnesota2008-09AlJefferson
83%
Boston2006-07AlJefferson
83%
Minnesota2007-08AlJefferson
83%
Minnesota2009-10AlJefferson
83%
LA Lakers2006-07AndrewBynum
81%
LA Lakers2009-10AndrewBynum
81%
LA Lakers2008-09AndrewBynum
81%
New York2002-03MarcusCamby
77%
New York2001-02MarcusCamby
77%
New York2000-01MarcusCamby
77%
Denver2005-06MarcusCamby
77%
Portland2009-10MarcusCamby
77%
Denver2006-07MarcusCamby
77%
Denver2003-04MarcusCamby
77%
Denver2007-08MarcusCamby
77%
LA Clippers2008-09MarcusCamby
77%
New York2004-05NazrMohammed
74%
Charlotte2009-10NazrMohammed
74%
Atlanta2001-02NazrMohammed
74%
Dallas2000-01ShawnBradley
72%
Denver2004-05HilarioNene
72%
Denver2002-03HilarioNene
72%
Denver2008-09HilarioNene
72%
Denver2009-10HilarioNene
72%
Indiana2008-09RoyHibbert
70%
Indiana2009-10RoyHibbert
70%
Minnesota2003-04ErvinJohnson
69%
New Orleans2004-05P.J.Brown
68%
New Orleans2005-06P.J.Brown
68%
Portland2000-01DaleDavis
68%
Toronto2002-03AntonioDavis
68%
Portland2001-02DaleDavis
68%
Portland2002-03DaleDavis
68%
Toronto2000-01AntonioDavis
68%
Oklahoma City (Seattle)2001-02VinBaker
67%
Memphis (Vancouver)2007-08DarkoMilicic
67%
Atlanta2003-04TheoRatliff
66%
Philadelphia2000-01TheoRatliff
66%
Atlanta2002-03TheoRatliff
66%
Toronto2009-10AndreaBargnani
65%
Toronto2008-09AndreaBargnani
65%
Toronto2007-08AndreaBargnani
65%
New York2007-08EddyCurry
64%
Chicago2003-04EddyCurry
64%
Chicago2004-05EddyCurry
64%
New York2006-07EddyCurry
64%
New York2005-06EddyCurry
64%
Portland2003-04ZachRandolph
64%
Houston2009-10LuisScola
63%
Washington2003-04BrendanHaywood
61%
Washington2006-07BrendanHaywood
61%
Washington2005-06BrendanHaywood
61%
Washington2002-03BrendanHaywood
61%
Washington2004-05BrendanHaywood
61%
Washington2007-08BrendanHaywood
61%
New York2009-10DavidLee
61%
New York2008-09DavidLee
61%
San Antonio2009-10AntonioMcDyess
61%
Detroit2007-08AntonioMcDyess
61%
Detroit2008-09AntonioMcDyess
61%
Utah2009-10MehmetOkur
61%
Utah2006-07MehmetOkur
61%
Utah2007-08MehmetOkur
61%
Utah2008-09MehmetOkur
61%
Dallas2003-04AntonieWalker
61%
Philadelphia2009-10SamuelDalembert
60%
Philadelphia2003-04SamuelDalembert
60%
Philadelphia2004-05SamuelDalembert
60%
Philadelphia2005-06SamuelDalembert
60%
Philadelphia2006-07SamuelDalembert
60%
Philadelphia2007-08SamuelDalembert
60%
Philadelphia2008-09SamuelDalembert
60%
Oklahoma City (Seattle)2000-01PatrickEwing
60%
LA Clippers2004-05ChrisKaman
58%
LA Clippers2005-06ChrisKaman
58%
LA Clippers2006-07ChrisKaman
58%
LA Clippers2007-08ChrisKaman
58%
LA Clippers2009-10ChrisKaman
58%
LA Clippers2003-04ChrisKaman
58%
Denver2001-02RaefLaFrentz
58%
Dallas2002-03RaefLaFrentz
58%
Dallas2001-02RaefLaFrentz
58%
Denver2000-01RaefLaFrentz
58%
Dallas2007-08ErickDampier
57%
Golden State2001-02ErickDampier
57%
Dallas2008-09ErickDampier
57%
Golden State2003-04ErickDampier
57%
Golden State2002-03ErickDampier
57%
Dallas2006-07ErickDampier
57%
Dallas2009-10ErickDampier
57%
Dallas2004-05ErickDampier
57%
Sacramento2004-05BradMiller
57%
Sacramento2007-08BradMiller
57%
Indiana2002-03BradMiller
57%
Chicago2000-01BradMiller
57%
Sacramento2005-06BradMiller
57%
Sacramento2006-07BradMiller
57%
Chicago2001-02BradMiller
57%
Toronto2003-04ChrisBosh
56%
Utah2004-05JarronCollins
54%
Utah2005-06JarronCollins
54%
New Jersey2006-07JasonCollins
54%
New Jersey2003-04JasonCollins
54%
New Jersey2005-06JasonCollins
54%
New Jersey2004-05JasonCollins
54%
Utah2001-02JarronCollins
54%
New Jersey2002-03JasonCollins
54%
Minnesota2004-05MichaelOlowokandi
54%
LA Clippers2001-02MichaelOlowokandi
54%
LA Clippers2000-01MichaelOlowokandi
54%
Memphis (Vancouver)2000-01BryantReeves
54%
Phoenix2005-06KurtThomas
54%
Dallas2005-06DeSaganaDiop
51%
Memphis (Vancouver)2001-02LorenzenWright
51%
Memphis (Vancouver)2002-03LorenzenWright
51%
Memphis (Vancouver)2004-05LorenzenWright
51%
Memphis (Vancouver)2003-04LorenzenWright
51%
Memphis (Vancouver)2005-06LorenzenWright
51%
San Antonio2008-09MattBonner
50%
Atlanta2004-05AlHarrington
50%
Utah2002-03GregOstertag
49%
Utah2003-04GregOstertag
49%
Golden State2006-07AndrisBiedrins
48%
Golden State2007-08AndrisBiedrins
48%
Golden State2008-09AndrisBiedrins
48%
Golden State2009-10AndrisBiedrins
48%
Charlotte2001-02EldenCampbell
48%
Charlotte2000-01EldenCampbell
48%
Golden State2000-01AdonalFoyle
48%
Golden State2004-05AdonalFoyle
48%
Golden State2005-06AdonalFoyle
48%
San Antonio2007-08FabricioOberto
47%
Detroit2006-07ChrisWebber
47%
Sacramento2008-09SpencerHawes
46%
Sacramento2009-10SpencerHawes
46%
Orlando2002-03ShawnKemp
46%
Boston2001-02TonyBattie
45%
Boston2002-03TonyBattie
45%
San Antonio2003-04RashoNesterovic
42%
San Antonio2004-05RashoNesterovic
42%
San Antonio2005-06RashoNesterovic
42%
Minnesota2002-03RashoNesterovic
42%
Minnesota2001-02RashoNesterovic
42%
Minnesota2000-01RashoNesterovic
42%
Toronto2006-07RashoNesterovic
42%
Washington2008-09AndrayBlatche
40%
Washington2009-10AndrayBlatche
40%
Indiana2001-02JeffFoster
40%
Indiana2003-04JeffFoster
40%
Indiana2004-05JeffFoster
40%
Indiana2005-06JeffFoster
40%
Indiana2006-07JeffFoster
40%
Indiana2007-08JeffFoster
40%
Washington2000-01JahidiWhite
40%
Washington2001-02JahidiWhite
40%
Utah2000-01OldenPolynice
39%
LA Lakers2005-06ChrisMihm
38%
Cleveland2001-02ChrisMihm
38%
LA Lakers2004-05ChrisMihm
38%
Cleveland2000-01ChrisMihm
38%
Oklahoma City (Seattle)2003-04VitalyPotapenko
38%
Oklahoma City (Seattle)2009-10NenadKrstic
37%
Oklahoma City (Seattle)2008-09NenadKrstic
37%
Miami2002-03MalikAllen
36%
Memphis (Vancouver)2006-07HakimWarrick
35%
Oklahoma City (Seattle)2004-05JeromeJames
34%
Portland2007-08JoelPrzybilla
34%
Milwaukee2001-02JoelPrzybilla
34%
Portland2008-09JoelPrzybilla
34%
Portland2005-06JoelPrzybilla
34%
Portland2004-05JoelPrzybilla
34%
Portland2006-07JoelPrzybilla
34%
Charlotte2005-06PrimozBrezec
33%
New Jersey2001-02ToddMacCulloch
33%
Philadelphia2002-03ToddMacCulloch
33%
Milwaukee2002-03DanGadzuric
32%
Milwaukee2004-05DanGadzuric
32%
Oklahoma City (Seattle)2005-06JohanPetro
32%
Houston2001-02KelvinCato
31%
Boston2000-01MarkBlount
30%
Minnesota2005-06MarkBlount
30%
Boston2004-05MarkBlount
30%
Minnesota2006-07MarkBlount
30%
Boston2003-04MarkBlount
30%
San Antonio2006-07FranciscoElson
28%
LA Clippers2002-03SeanRooks
28%
Toronto2004-05RafaelAraujo
26%
Toronto2005-06RafaelAraujo
26%
New Jersey2007-08JoshBoone
25%
Orlando2000-01AndrewDeClercq
25%
Orlando2003-04AndrewDeClercq
25%
Phoenix2000-01JakeTsakalidis
25%
Phoenix2001-02JakeTsakalidis
25%
New Jersey2000-01EvanEschmeyer
24%
Oklahoma City (Seattle)2002-03PredragDrobnjak
23%
Milwaukee2003-04BrianSkinner
23%
Milwaukee2000-01MarkPope
22%
Oklahoma City (Seattle)2006-07ChrisWilcox
22%
Oklahoma City (Seattle)2007-08ChrisWilcox
22%

Score Distribution

Percentile by Number Answered

Percent of People with Each Score

Your Score History

You have not taken this quiz since the last reset